🎧 Guess the Taylor Swift Song with no Hints - 1 - Statistics

General Stats
  • This quiz has been taken 109 times
  • The average score is 286 of 422
Answer Stats
Answer % Correct
I
99%
a
96%
the
94%
The
94%
we
94%
in
92%
you
91%
You
91%
an
90%
and
90%
And
90%
me
88%
me"
88%
your
88%
I'm
87%
were
87%
we're
87%
when
87%
When
87%
be
86%
Do
86%
it
86%
on
86%
love
84%
Is
83%
to
83%
my
81%
no
81%
of
81%
that
81%
That
81%
was
81%
Was
81%
so
79%
don't
78%
for
78%
I'll
78%
like
78%
who
78%
you're
78%
go?"
77%
it's
77%
at
75%
At
75%
(Huh)
75%
But
74%
Oh
74%
"Oh
74%
she
74%
think
73%
all
71%
just
71%
Just
71%
they
71%
did
70%
know
70%
say
70%
too
70%
with
70%
With
70%
up
69%
about
68%
'bout
68%
her
68%
what
68%
"Why
68%
bet
66%
can't
65%
had
65%
not
64%
she's
64%
shoes
64%
mine
62%
said
62%
'cause
61%
out
61%
than
61%
never
60%
now
60%
Now
60%
tell
60%
have
58%
still
58%
you'll
58%
free
57%
girl
57%
has
57%
time
57%
'em
56%
friends
56%
make-believe
56%
A.M.
55%
get
55%
over
53%
Three
53%
back
52%
better
52%
God
52%
Yeah
52%
yeah
52%
Does
51%
fine
51%
let
51%
couldn't
49%
every
49%
awake
47%
bed
47%
believe
47%
house
47%
insane
47%
leave
47%
lookin'
47%
done
45%
eyes
45%
wasn't
45%
feel
44%
hadn't
44%
song
44%
city
43%
forget
43%
hard
43%
harder
43%
make
43%
that's
43%
couch
42%
mansion
42%
old
42%
organic
42%
sit
42%
wrote
42%
asleep
40%
dancin'
40%
dollar
40%
farm
40%
Fast
40%
grew
40%
happy
40%
last
40%
life
40%
million
40%
need?
40%
pedigree
40%
room
40%
Well
40%
around
39%
felt
39%
raised
39%
community
38%
fell
38%
kitchen
38%
saved
38%
shit
38%
table
38%
talkin'
38%
upper-crust
38%
yes
38%
bills
36%
book
36%
fall
36%
fit
36%
gated
36%
heard
36%
indie
36%
meaning
36%
none
36%
realized
36%
sad
36%
silver-spoon
36%
tried
36%
concerts
35%
early
35%
help
35%
livin'
35%
music
35%
spring
35%
beverly
34%
different
34%
hills
34%
mattered
34%
sayin'
34%
searchin'
34%
shrink
34%
snow
34%
soul
34%
Thinkin'
34%
cool
32%
jokes
32%
Scared
32%
shiny
32%
week
32%
world
32%
dreams
31%
laughed
31%
loud
31%
Mr.
31%
rolled
31%
Superior
31%
bright
30%
glamorous
30%
space
30%
voices
30%
Chasin'
29%
hip
29%
status
29%
Block
27%
reality
27%
turned
27%
circles
26%
crept
26%
No matching quizzes found
Score Distribution
Percent of People with Each Score
Percentile by Number Answered
Your Score History
You have not taken this quiz